| 000 | 00585nam a2200193Ia 4500 | ||
|---|---|---|---|
| 003 | GCL | ||
| 008 | 140319s9999 xx 000 0 ara d | ||
| 040 |
_aGCL / _cGCL |
||
| 082 | 0 | 4 |
_a796.33 _bم د |
| 100 | 1 | _aمفتى ابراهيم | |
| 245 | 1 | 0 |
_aالدفاع لبناء الهجوم فى كرة القدم / _cمفتى ابراهيم |
| 260 |
_a[S.N] : _bدار الفكر العربى ، _c1994 |
||
| 300 | _a457 ص | ||
| 490 | _a | ||
| 650 | 0 | 4 | _aالالعاب الرياضية |
| 650 | 0 | 4 | _aكرة القدم |
| 650 | 0 | 4 | _aالتدريب الرياضى |
| 942 |
_2ddc _cBK |
||
| 999 |
_c31309 _d31309 |
||